00623nam a22002177a 450000500170000001000110001702000100002803500110003803700160004904000120006508200190007724500910009626000560018730000240024349000330026750000200030065000190032065000210033965000190036070000260037920170124110035.0 a744531 c00.00 a744531 bCen Lib/Ret aDPLbEN a301.40973bAME aAmerican conservative thought in the tewntieth century /cedited by William F. Buckley aIndianapolisbThe Bobbs-Merrill Company, Inc.c1970 aliv,554p.c20cm(Hb) aThe American Heritage Series aIncludes index. aSocial Science aAmerican Scoiety aWomen's rights a Buckley, William F.